[Event "Gora Sw Anny op 4th"]
[Site "Gora Sw Anny"]
[Date "2011.02.18"]
[Round "8"]
[White "Leszczak, Jakub"]
[Black "Kolasa, Zbigniew"]
[Result "1/2-1/2"]
[WhiteElo "1492"]
[BlackElo "1579"]
[PlyCount "74"]
[EventDate "2011.02.12"]
[EventType "swiss"]
[EventRounds "9"]
[EventCountry "POL"]
[SourceTitle "CBM 140 Extra"]
[Source "ChessBase"]
[SourceDate "2011.03.01"]
[SourceVersion "1"]
[SourceVersionDate "2011.03.01"]
[SourceQuality "1"]

1. e4 e6 2. d4 d5 3. Nc3 Nf6 4. Bg5 dxe4 5. Nxe4 Be7 6. Nxf6+ Bxf6 7. Bxf6 Qxf6 8. Nf3 0-0 9. Bc4 b6 10. 0-0 Bb7 11. Be2 Rd8 12. c3 c5 13. Qc2 cxd4 14. Nxd4 Nc6 15. Nxc6 Bxc6 16. Rad1 Qg5 17. g3 Qf6 18. Rxd8+ Rxd8 19. Rd1 Rxd1+ 20. Qxd1 Qg5 21. Qd6 Qc5 22. Qb8+ Qf8 23. Qxa7 Qd8 24. Qa6 g6 25. Qd3 Qg5 26. f4 Qc5+ 27. Qd4 Qa5 28. a3 Qa7 29. Kf2 Qc7 30. b4 Bb7 31. Bb5 Bh1 32. Qd7 Qxc3 33. Qd8+ Kg7 34. Qxb6 Qf3+ 35. Ke1 Qc3+ 36. Kf1 Qf3+ 37. Ke1 Qc3+ 1/2-1/2

[Event "Gora Sw Anny op 4th"]
[Site "Gora Sw Anny"]
[Date "2011.02.15"]
[Round "5"]
[White "Chenska, Karolina"]
[Black "Leszczak, Jakub"]
[Result "1-0"]
[WhiteElo "1649"]
[BlackElo "1492"]
[PlyCount "39"]
[EventDate "2011.02.12"]
[EventType "swiss"]
[EventRounds "9"]
[EventCountry "POL"]
[SourceTitle "CBM 140 Extra"]
[Source "ChessBase"]
[SourceDate "2011.03.01"]
[SourceVersion "1"]
[SourceVersionDate "2011.03.01"]
[SourceQuality "1"]

1. e4 c5 2. Nf3 d6 3. d4 cxd4 4. Nxd4 Nf6 5. Nc3 a6 6. Bc4 e6 7. Bb3 Be7 8. 0-0 b5 9. a3 Bb7 10. Bxe6 fxe6 11. Nxe6 Qd7 12. Nxg7+ Kf7 13. Nf5 Nxe4 14. Nxe7 Nxc3 15. Qh5+ Kxe7 16. Bg5+ Kf8 17. bxc3 Rg8 18. Rfe1 Nc6 19. Bh6+ Rg7 20. Qg5 1-0

[Event "Gora Sw Anny op 4th"]
[Site "Gora Sw Anny"]
[Date "2011.02.14"]
[Round "4"]
[White "Leszczak, Jakub"]
[Black "Klama, Andrzej"]
[Result "1-0"]
[WhiteElo "1492"]
[BlackElo "1639"]
[PlyCount "77"]
[EventDate "2011.02.12"]
[EventType "swiss"]
[EventRounds "9"]
[EventCountry "POL"]
[SourceTitle "CBM 140 Extra"]
[Source "ChessBase"]
[SourceDate "2011.03.01"]
[SourceVersion "1"]
[SourceVersionDate "2011.03.01"]
[SourceQuality "1"]

1. e4 e6 2. d4 b6 3. Nf3 Bb7 4. Bd3 Nf6 5. Nbd2 d6 6. 0-0 Nbd7 7. Re1 e5 8. c3 g6 9. Nc4 Qe7 10. Bg5 h6 11. Bh4 Bg7 12. Bc2 g5 13. Bg3 Nh7 14. Ne3 0-0-0 15. Nf5 Qf8 16. d5 h5 17. h4 g4 18. Nd2 Kb8 19. a4 Bc8 20. a5 Nc5 21. axb6 cxb6 22. Ne3 Qe7 23. b4 Na6 24. Ra2 Nc7 25. Qa1 Ne8 26. Ba4 Qc7 27. Qb2 Bd7 28. Rea1 Kb7 29. Bxd7 Rxd7 30. Rxa7+ Kc8 31. Ra8+ Qb8 32. Rxb8+ Kxb8 33. Qa2 Rb7 34. Qa8+ Kc7 35. Ra7 Rxa7 36. Qxa7+ Kd8 37. Nf5 Bf6 38. Nc4 Nc7 39. Nxb6 1-0

[Event "Gora Sw Anny op 4th"]
[Site "Gora Sw Anny"]
[Date "2011.02.13"]
[Round "3"]
[White "Gruca, Zdzislaw"]
[Black "Leszczak, Jakub"]
[Result "1-0"]
[WhiteElo "2025"]
[BlackElo "1492"]
[PlyCount "49"]
[EventDate "2011.02.12"]
[EventType "swiss"]
[EventRounds "9"]
[EventCountry "POL"]
[SourceTitle "CBM 140 Extra"]
[Source "ChessBase"]
[SourceDate "2011.03.01"]
[SourceVersion "1"]
[SourceVersionDate "2011.03.01"]
[SourceQuality "1"]

1. e4 c5 2. Nf3 d6 3. d4 cxd4 4. Nxd4 Nf6 5. Nc3 a6 6. Be2 e6 7. 0-0 Be7 8. f4 Nc6 9. Be3 Qc7 10. Bf3 Bd7 11. Qe1 Rc8 12. Nxc6 Bxc6 13. Qg3 0-0 14. Rad1 Rfd8 15. Qf2 Qb8 16. Ba7 Qa8 17. Bb6 Rd7 18. f5 Bd8 19. fxe6 fxe6 20. Be3 b5 21. e5 Bxf3 22. exf6 Bxd1 23. fxg7 Ba5 24. Bh6 Rdd8 25. Qf7# 1-0